Crofting Reform (Scotland) Bill (Record no. 110381)

MARC details
000 -LEADER
fixed length control field 01553cad a22002535a 4500
001 - CONTROL NUMBER
control field E149139
008 - FIXED-LENGTH DATA ELEMENTS--GENERAL INFORMATION
fixed length control field 100115e20100108xxkb f s000 0 eng d
035 ## - SYSTEM CONTROL NUMBER
System control number (Sirsi) u149139
041 0# - LANGUAGE CODE
Language code of text/sound track or separate title eng
050 04 - LIBRARY OF CONGRESS CALL NUMBER
Classification number 630.0269411 $2 18
100 1# - MAIN ENTRY--PERSONAL NAME
Personal name Edwards, Tom
245 00 - TITLE STATEMENT
Title Crofting Reform (Scotland) Bill
Medium [electronic resource]
260 ## - PUBLICATION, DISTRIBUTION, ETC.
Place of publication, distribution, etc. Edinburgh
Name of publisher, distributor, etc. Scottish Parliament
Date of publication, distribution, etc. 2010
490 #0 - SERIES STATEMENT
Series statement SPICe Briefing
Volume/sequential designation (10/01) 8 January 2010
505 2# - FORMATTED CONTENTS NOTE
Formatted contents note Executive summary -- Introduction -- Timeline of crofting law -- Current crofting law -- The Crofters Commission and Scottish Land Court -- The Crofting Reform Etc. Act 2007 -- Parliamentary debate on the Crofting Reform Etc. Bill -- The Committee of Enquiry on Crofting -- The Scottish Government's response -- The Draft Crofting Reform (Scotland) Bill -- The Crofting Reform (Scotland) Bill -- Sources -- Related Briefings
520 ## - SUMMARY, ETC.
Summary, etc. Gives an introduction to the Crofting Reform (Scotland) Bill which was introduced to Parliament on 9 December 2009 and which contains provisions relating to the Crofters Commission, the maintainance of a Crofting Register and absentee crofters and neglect of crofts. For the Bill itself, see (E148980).
521 ## - TARGET AUDIENCE NOTE
Target audience note Advanced
590 ## - LOCAL NOTE (RLIN)
Local note KA
650 24 - SUBJECT ADDED ENTRY--TOPICAL TERM
Topical term or geographic name entry element CROFTING REFORM (SCOTLAND) BILL
651 #4 - SUBJECT ADDED ENTRY--GEOGRAPHIC NAME
Geographic name Scotland
Chronological subdivision 1999-
690 ## - LOCAL SUBJECT ADDED ENTRY--TOPICAL TERM (OCLC, RLIN)
Topical term or geographic name as entry element ENVIRONMENTAL AND LAND CONSULTANCY-AGRIBUSINESS-AGRICULTURE
856 40 - ELECTRONIC LOCATION AND ACCESS
Uniform Resource Identifier <a href="https://www.scottish.parliament.uk/business/research/date/index.htm">https://www.scottish.parliament.uk/business/research/date/index.htm</a>
Public note View the briefing free of charge at www.scottish.parliament.uk...
942 ## - ADDED ENTRY ELEMENTS (KOHA)
Suppress in OPAC 0
Holdings
Withdrawn status Lost status Source of classification or shelving scheme Damaged status Not for loan Home library Current library Shelving location Date acquired Total Checkouts Full call number Barcode Date last seen Copy number Price effective from Koha item type
    Dewey Decimal Classification     Virtual Virtual Online 15/01/2010   ONLINE PUBLICATION 149139-2001 06/08/2019 1 06/08/2019 Book